Normal view
MARC view
- الامر بالمعروف- النهي عن المنكر
Entry Topical Term
001 - CONTROL NUMBER
- control field: 35323
003 - CONTROL NUMBER IDENTIFIER
- control field: JO-AjAnu
005 - DATE AND TIME OF LATEST TRANSACTION
- control field: 20230606075916.0
008 - FIXED-LENGTH DATA ELEMENTS
- fixed length control field: 230606|| aca||aabn | a|a d
040 ## - CATALOGING SOURCE
- Original cataloging agency: JO-AjAnu
- Transcribing agency: JO-AjAnu
150 ## - HEADING--TOPICAL TERM
- Topical term or geographic name entry element: الامر بالمعروف- النهي عن المنكر
670 ## - SOURCE DATA FOUND
- Source citation: Work cat.: (JO-AjAnu)18139: الخلال، أبي بكر أحمد بن محمد بن هارون ؛ تحقيق ودراسة عبد القادر أحمد عطا, author 35322, الأمر بالمعروف والنهي عن المنكر